[Event "Int. Stuttgarter Stadtmeisterschaft A"]
[Site "Ditzingen"]
[Date "2014.05.29"]
[Round "1.26"]
[White "Klaus, Daniel"]
[Black "Bergauz, Noam"]
[Result "0-1"]
[WhiteElo "1921"]
[BlackElo "2147"]
[PlyCount "44"]
[EventDate "2014.??.??"]
[WhiteTeam "SF Möglingen 1976"]
[BlackTeam "SK München Südost e.V."]

1. e4 e6 2. d4 d5 3. Nc3 Bb4 4. e5 c5 5. a3 Bxc3+ 6. bxc3 Ne7 7. Nf3 h6 8. Bd3
b6 9. O-O Ba6 10. a4 O-O 11. Ba3 Qc7 12. Bxa6 Nxa6 13. Qe2 Nb8 14. a5 Nd7 15.
Rfb1 Rfc8 16. Rb5 Nc6 17. a6 Nd8 18. dxc5 bxc5 19. Rab1 Qc6 20. Rb7 Nb6 21.
R7xb6 axb6 22. g4 Qa4 0-1

[Event "Int. Stuttgarter Stadtmeisterschaft A"]
[Site "Ditzingen"]
[Date "2014.05.29"]
[Round "1.27"]
[White "Einwiller, Dieter"]
[Black "Zeller, Elisa"]
[Result "0-1"]
[WhiteElo "2146"]
[BlackElo "1921"]
[PlyCount "128"]
[EventDate "2014.??.??"]
[WhiteTeam "SF Pfullingen"]
[BlackTeam "SF 1876 G�ppingen"]

1. d4 Nf6 2. Nf3 e6 3. g3 b5 4. Bg2 Bb7 5. Nbd2 c5 6. c3 Na6 7. O-O d6 8. Re1
Be7 9. e4 O-O 10. Qe2 Nc7 11. e5 Nd7 12. exd6 Bxd6 13. Ne4 Be7 14. Bf4 c4 15.
Nd6 Bd5 16. Nd2 Bxg2 17. Kxg2 Nb6 18. N6e4 Ncd5 19. Be3 Nxe3+ 20. fxe3 Nd5 21.
Nf2 Bg5 22. Nf1 f5 23. e4 Nc7 24. Nh3 Bh6 25. exf5 Qd5+ 26. Qe4 exf5 27. Qxd5+
Nxd5 28. Re5 Rad8 29. Rae1 a5 30. R1e2 g6 31. Nd2 b4 32. Nxc4 bxc3 33. bxc3
Nxc3 34. Rc2 Nd5 35. a3 Bg7 36. Ree2 Bxd4 37. Kf3 Nc3 38. Re7 Ne4 39. Nxa5 Bf6
40. Ra7 Rd3+ 41. Kg2 Rxa3 42. Nf4 Bc3 43. Nc6 Rxa7 44. Nxa7 Rd8 45. Nb5 Rd2+
46. Rxd2 Bxd2 47. Ne2 Kf7 48. h4 h6 49. Nbd4 Kf6 50. Nf3 Ba5 51. Nf4 g5 52.
hxg5+ hxg5 53. Ne2 g4 54. Nfd4 Bc7 55. Nc2 Be5 56. Nb4 Kg5 57. Nd3 Bd6 58. Kh2
Nxg3 59. Nxg3 Kh4 60. Kg2 Bxg3 61. Nc5 f4 62. Ne4 f3+ 63. Kg1 Be5 64. Kf2 Bd4+
0-1

[Event "Int. Stuttgarter Stadtmeisterschaft A"]
[Site "Ditzingen"]
[Date "2014.05.29"]
[Round "1.28"]
[White "Streicher, Traugott"]
[Black "Br�unlin, Klaus"]
[Result "0-1"]
[WhiteElo "1920"]
[BlackElo "2145"]
[PlyCount "140"]
[EventDate "2014.??.??"]
[WhiteTeam "TSG Steinheim"]
[BlackTeam "TG Biberach"]

1. e4 c6 2. Nf3 d5 3. Nc3 dxe4 4. Nxe4 Nf6 5. Nxf6+ exf6 6. d4 Na6 7. Bf4 Be7
8. Be2 Nc7 9. c3 O-O 10. O-O Nd5 11. Bd2 Bd6 12. Re1 Bc7 13. c4 Nf4 14. Bb4 Re8
15. Bf1 Bg4 16. Re3 Qd7 17. Rc1 Rad8 18. Qe1 Ne6 19. Rd1 Bf4 20. Re4 Bf5 21.
Re2 Bg4 22. d5 Bxf3 23. gxf3 cxd5 24. cxd5 Ng5 25. Bg2 Rxe2 26. Qxe2 Re8 27.
Qc4 Be5 28. d6 Ne6 29. b3 g6 30. a4 f5 31. Qd5 Nf4 32. Qc5 b6 33. Qb5 Qxb5 34.
axb5 Rd8 35. Bf1 Rd7 36. Bc4 Kg7 37. Kf1 Kf6 38. Ke1 g5 39. Kf1 h5 40. Kg1 h4
41. Rd2 Ne6 42. Bd5 Nc5 43. Bxc5 bxc5 44. Bc6 Rxd6 45. Ra2 h3 46. Kf1 Bxh2 47.
Rxa7 Bf4 48. Rd7 Rxd7 49. Bxd7 Bc7 50. Be8 Ke6 51. Kg1 f6 52. Bc6 Ke7 53. Bb7
Ke6 54. Bc8+ Ke5 55. Bd7 Kf4 56. Bc6 g4 57. Bd5 Kg5 58. Be6 Ba5 59. Bd7 Bb6 60.
fxg4 fxg4 61. Kf1 f5 62. Bc8 Kf4 63. Bd7 Kg5 64. Bc8 f4 65. f3 h2 66. Kg2 g3
67. Bb7 Kf6 68. Bc6 Ke5 69. Bb7 Kd4 70. Bc6 Ke3 0-1

[Event "Int. Stuttgarter Stadtmeisterschaft A"]
[Site "Ditzingen"]
[Date "2014.05.29"]
[Round "1.29"]
[White "Reck, Moritz"]
[Black "Gibicar, Marc"]
[Result "1-0"]
[WhiteElo "2145"]
[BlackElo "1917"]
[PlyCount "91"]
[EventDate "2014.??.??"]
[WhiteTeam "SV Leonberg 1978 eV"]

1. e4 c5 2. Nf3 d6 3. d4 cxd4 4. Nxd4 Nf6 5. Nc3 g6 6. f3 Bg7 7. Be3 Nc6 8. Qd2
O-O 9. g4 Be6 10. O-O-O Rc8 11. h4 Nxd4 12. Bxd4 Qa5 13. Kb1 Rxc3 14. Qxc3
Qxa2+ 15. Kc1 Bxg4 16. fxg4 Qa1+ 17. Kd2 Nxe4+ 18. Ke1 Qxd1+ 19. Kxd1 Nxc3+ 20.
bxc3 a5 21. Kd2 d5 22. Bb6 a4 23. Bb5 Rc8 24. Bd4 e5 25. Bb6 a3 26. Ra1 Bf8 27.
Bf1 Ra8 28. Bg2 Ra6 29. Be3 e4 30. Bd4 Bd6 31. Bf1 Ra4 32. Bb5 Ra5 33. c4 Bf4+
34. Kc3 Bd6 35. Ra2 Kf8 36. Bb6 Ra8 37. cxd5 Rc8+ 38. Kd4 f5 39. gxf5 gxf5 40.
Bd7 Ra8 41. Bxf5 Ra4+ 42. c4 e3 43. Bd3 Rb4 44. Bc5 Bxc5+ 45. Kxc5 Rb3 46. Kd4
1-0

[Event "Int. Stuttgarter Stadtmeisterschaft A"]
[Site "Ditzingen"]
[Date "2014.05.29"]
[Round "1.30"]
[White "Novak, Josua"]
[Black "Eulering, Georg"]
[Result "1/2-1/2"]
[WhiteElo "1914"]
[BlackElo "2143"]
[PlyCount "82"]
[EventDate "2014.??.??"]
[WhiteTeam "TSV M�nchingen"]
[BlackTeam "SF Schlebusch"]

1. e4 Nf6 2. e5 Nd5 3. c4 Nb6 4. d4 d6 5. exd6 exd6 6. Nc3 Nc6 7. Nf3 Bg4 8.
Be3 Be7 9. Bd3 Bf6 10. h3 Bxf3 11. Qxf3 Bxd4 12. Bxd4 Nxd4 13. Qxb7 Ne6 14. O-O
O-O 15. Qe4 g6 16. b3 Qf6 17. Nd5 Nxd5 18. cxd5 Nc5 19. Qc4 a5 20. f4 Rfb8 21.
f5 g5 22. Rad1 Rb4 23. Qc2 a4 24. Bc4 axb3 25. axb3 Ra3 26. Rf3 Ra1 27. Rxa1
Qxa1+ 28. Kh2 Qe5+ 29. Kg1 f6 30. Qd2 Rb8 31. Qe3 Qxe3+ 32. Rxe3 Kf7 33. Kf2
Re8 34. Rxe8 Kxe8 35. Ke3 Kd8 36. Kd4 Kc8 37. g4 Nd7 38. Bb5 Ne5 39. Be2 Kb7
40. b4 Kb6 41. Kc3 Nd7 1/2-1/2

[Event "Int. Stuttgarter Stadtmeisterschaft A"]
[Site "Ditzingen"]
[Date "2014.05.29"]
[Round "1.31"]
[White "Schmidt, Olaf"]
[Black "Dölker, Kai"]
[Result "1-0"]
[WhiteElo "2139"]
[BlackElo "1907"]
[PlyCount "51"]
[EventDate "2014.??.??"]
[WhiteTeam "SC Böblingen 1975 e.V."]
[BlackTeam "SV Stuttgart-Wolfbusch 1956 e.V."]

1. d4 Nf6 2. Nf3 e6 3. c4 b6 4. a3 Bb7 5. Nc3 Be7 6. d5 O-O 7. g3 d6 8. dxe6
fxe6 9. Bg2 Nbd7 10. O-O Ne4 11. Nxe4 Bxe4 12. Nd4 Bxg2 13. Kxg2 Qc8 14. Nxe6
Rf6 15. Nxc7 Rb8 16. Nd5 Qc6 17. Qd3 Ne5 18. Qe4 Rf7 19. b3 Kh8 20. a4 a6 21.
Bb2 Re8 22. Bxe5 dxe5 23. Kg1 Bc5 24. Kg2 b5 25. axb5 axb5 26. Nc3 1-0

[Event "Int. Stuttgarter Stadtmeisterschaft A"]
[Site "Ditzingen"]
[Date "2014.05.29"]
[Round "1.32"]
[White "Heeke, Guido"]
[Black "Schulte, Torsten"]
[Result "1/2-1/2"]
[WhiteElo "1907"]
[BlackElo "2130"]
[PlyCount "150"]
[EventDate "2014.??.??"]
[WhiteTeam "SV Letmathe 1933 e.V."]
[BlackTeam "SC Eppingen"]

1. c4 c5 2. Nc3 Nf6 3. Nf3 d5 4. cxd5 Nxd5 5. g3 Nc6 6. Bg2 Nc7 7. O-O e5 8. d3
Be7 9. Be3 O-O 10. Qc1 Bd7 11. Ne1 Rc8 12. f4 exf4 13. Bxf4 Ne6 14. Nd5 Nxf4
15. gxf4 Nd4 16. Qd1 Bg4 17. Nc3 b6 18. Nf3 Bf6 19. Kh1 Re8 20. e4 g6 21. e5
Bg7 22. Ne4 Nf5 23. Qb3 Rc7 24. Rae1 Rd7 25. Nf2 Bxf3 26. Bxf3 Nd4 27. Qd1 Nxf3
28. Qxf3 Rd4 29. Re4 Qd5 30. b3 Rd8 31. Rfe1 a5 32. Kg2 b5 33. Rxd4 Qxd4 34.
Re2 Bh6 35. Kg3 Qa1 36. Ne4 Rd4 37. Nf6+ Kg7 38. Ne4 Qd1 39. Re3 Qg1+ 40. Kh3
c4 41. bxc4 bxc4 42. dxc4 Rxc4 43. Rc3 Rb4 44. Rc2 Rb1 45. Ng3 Qd4 46. Rg2 Qd7+
47. Qg4 Qxg4+ 48. Kxg4 Rb4 49. Rf2 f5+ 50. exf6+ Kxf6 51. h4 a4 52. Nf1 Bf8 53.
Ne3 Rd4 54. Kf3 Bd6 55. f5 gxf5 56. Ke2 f4 57. Nc2 Rd5 58. Kf3 Kf5 59. Kg2 Rd3
60. Ne1 Rg3+ 61. Kf1 Bc5 62. Rc2 Bd4 63. Rc4 Be3 64. Ng2 Bd2 65. Rxa4 f3 66.
Ne1 Be3 67. Ra5+ Kg4 68. Ra4+ Kh3 69. Nxf3 Rxf3+ 70. Ke2 Rg3 71. Ra3 Rg2+ 72.
Kf1 Rg3 73. Ke2 Bf4 74. Ra4 Be5 75. Re4 Bc3 1/2-1/2

[Event "Int. Stuttgarter Stadtmeisterschaft A"]
[Site "Ditzingen"]
[Date "2014.05.29"]
[Round "1.33"]
[White "Weber, Klaus"]
[Black "Schmidt, Markus"]
[Result "1-0"]
[WhiteElo "2117"]
[BlackElo "1904"]
[PlyCount "55"]
[EventDate "2014.??.??"]
[WhiteTeam "SV Tübingen 1870 e.V."]
[BlackTeam "Stuttgarter SF 1879"]

1. e4 d6 2. d4 Nf6 3. Nc3 g6 4. f3 Bg7 5. Be3 c6 6. Qd2 h5 7. a4 b6 8. Nge2 Ba6
9. h3 Nbd7 10. g3 Qc7 11. Bg2 Bb7 12. O-O a6 13. f4 e5 14. Rad1 O-O-O 15. fxe5
dxe5 16. d5 Nf8 17. d6 Qd7 18. Bxb6 Re8 19. a5 Bh6 20. Qd3 Re6 21. Na4 Ne8 22.
Nc5 Rxd6 23. Nxd7 Rxd3 24. Rxd3 Nxd7 25. Rxf7 Nef6 26. Bf2 Rf8 27. Re7 Re8 28.
Rdxd7 1-0

[Event "Int. Stuttgarter Stadtmeisterschaft A"]
[Site "Ditzingen"]
[Date "2014.05.29"]
[Round "1.34"]
[White "Paschmann, Stefan"]
[Black "Zikeli, Saskia"]
[Result "1/2-1/2"]
[WhiteElo "1903"]
[BlackElo "2109"]
[PlyCount "85"]
[EventDate "2014.??.??"]
[WhiteTeam "Krefelder SK Turm 1851 e"]
[BlackTeam "SC Ingersheim e.V."]

1. d4 Nf6 2. Nf3 g6 3. Nc3 d5 4. Bf4 Bg7 5. e3 c6 6. Be2 Nbd7 7. Ne5 O-O 8. h4
Ne4 9. Nxe4 dxe4 10. Nxd7 Bxd7 11. c3 Re8 12. h5 Qb6 13. hxg6 hxg6 14. Qb3 e5
15. dxe5 Be6 16. Qxb6 axb6 17. a3 Bb3 18. Bd1 Bd5 19. Bc2 Bxe5 20. Bxe5 Rxe5
21. O-O-O Kg7 22. Rh4 Rh8 23. Rdh1 Rxh4 24. Rxh4 g5 25. Rh2 Rf5 26. g3 b5 27.
f4 Rf6 28. Rh5 gxf4 29. Rg5+ Rg6 30. Rxg6+ Kxg6 31. gxf4 Kf5 32. a4 bxa4 33.
Bxa4 Ke6 34. b4 Bc4 35. Bc2 f5 36. Kd2 Kd5 37. Bd1 b5 38. Bh5 Ke6 39. Bg6 Bd5
40. Ke1 Kf6 41. Be8 Ke7 42. Bh5 Kd6 43. Kd2 1/2-1/2

[Event "Int. Stuttgarter Stadtmeisterschaft A"]
[Site "Ditzingen"]
[Date "2014.05.29"]
[Round "1.35"]
[White "Schwab, Matthias"]
[Black "Schwarz, Larissa"]
[Result "0-1"]
[WhiteElo "2102"]
[BlackElo "1896"]
[PlyCount "62"]
[EventDate "2014.??.??"]
[WhiteTeam "SC B�blingen 1975 e.V."]
[BlackTeam "TSV Schott Mainz"]

1. d4 Nf6 2. c4 g6 3. Nc3 d5 4. cxd5 Nxd5 5. e4 Nxc3 6. bxc3 Bg7 7. Be3 O-O 8.
Qd2 c5 9. Rc1 Qa5 10. Nf3 Rd8 11. d5 Nd7 12. c4 Qa3 13. Bd3 Nb6 14. e5 Bg4 15.
Bf4 Nd7 16. e6 fxe6 17. Ng5 Nf8 18. O-O b5 19. h3 bxc4 20. Bxc4 exd5 21. hxg4
dxc4 22. Qe2 c3 23. Qxe7 Qxa2 24. Qxc5 Rac8 25. Qe3 Re8 26. Qd3 c2 27. Be3 Qc4
28. Qd6 Bb2 29. Nf3 Rcd8 30. Qh2 Bxc1 31. Bxc1 Rd1 0-1

[Event "Int. Stuttgarter Stadtmeisterschaft A"]
[Site "Ditzingen"]
[Date "2014.05.29"]
[Round "1.36"]
[White "Baumeister, J�rgen"]
[Black "Bluma, Marcel"]
[Result "0-1"]
[WhiteElo "1895"]
[BlackElo "2100"]
[PlyCount "104"]
[EventDate "2014.??.??"]
[WhiteTeam "SC Asperg"]
[BlackTeam "SC Ingersheim e.V."]

1. Nc3 e5 2. Nf3 Nc6 3. d4 exd4 4. Nxd4 Nxd4 5. Qxd4 Qf6 6. Qc4 c6 7. e4 d6 8.
Be3 Be6 9. Qa4 Ne7 10. O-O-O Ng6 11. f4 Bd7 12. g3 b5 13. Qa6 Qd8 14. e5 d5 15.
Nxd5 cxd5 16. Rxd5 Qc8 17. Bxb5 Qxa6 18. Bxd7+ Ke7 19. Bc5+ Kd8 20. Bb5+ Kc7
21. Bxa6 Bxc5 22. Rxc5+ Kb6 23. Rd5 Kxa6 24. Rd6+ Kb5 25. Rhd1 Ne7 26. Rd7 Rhe8
27. Rb7+ Ka6 28. Rdd7 Nc6 29. Rxf7 Nd8 30. Rbd7 Nxf7 31. Rxf7 Rg8 32. Kd2 Rab8
33. e6 Rxb2 34. e7 Rbb8 35. Kd3 Kb6 36. Kd4 Kc6 37. Ke5 Kd7 38. e8=Q+ Kxe8 39.
Rxa7 Rc8 40. a4 Rxc2 41. Ke6 Re2+ 42. Kd6 Rf8 43. Rxg7 Rf6+ 44. Kc5 Rxh2 45. a5
Rh5+ 46. Kb4 Rf7 47. Rg8+ Kd7 48. Ra8 Kc6 49. Rc8+ Kb7 50. Re8 Ka6 51. Re6+ Ka7
52. Re4 Rb7+ 0-1

[Event "Int. Stuttgarter Stadtmeisterschaft A"]
[Site "Ditzingen"]
[Date "2014.05.29"]
[Round "1.37"]
[White "Scheeff, Volker"]
[Black "Engelhardt, Frank"]
[Result "1-0"]
[WhiteElo "2098"]
[BlackElo "1884"]
[PlyCount "59"]
[EventDate "2014.??.??"]
[WhiteTeam "SK Schmiden/Cannstatt"]
[BlackTeam "SC Schachmatt Botnang"]

1. e4 e5 2. Nf3 Nc6 3. Bb5 Nf6 4. d3 Bc5 5. O-O d6 6. Nc3 a6 7. Ba4 h6 8. a3
O-O 9. h3 Be6 10. Be3 Bxe3 11. fxe3 b5 12. Bb3 Bxb3 13. cxb3 d5 14. Rc1 Qd6 15.
Nh4 Ne7 16. Qf3 c5 17. exd5 b4 18. axb4 cxb4 19. Ne4 Nxe4 20. dxe4 a5 21. Nf5
Nxf5 22. Qxf5 a4 23. bxa4 Rxa4 24. Rc8 Ra7 25. Rxf8+ Kxf8 26. Qc8+ Ke7 27. Qg8
Qg6 28. Qb8 Rd7 29. Qxe5+ Kf8 30. Qb8+ 1-0

[Event "Int. Stuttgarter Stadtmeisterschaft A"]
[Site "Ditzingen"]
[Date "2014.05.29"]
[Round "1.38"]
[White "Cummings, Orlyn"]
[Black "Tsolakidis, Paschal"]
[Result "1-0"]
[WhiteElo "1873"]
[BlackElo "2097"]
[PlyCount "70"]
[EventDate "2014.??.??"]
[WhiteTeam "SC Ingersheim e.V."]
[BlackTeam "DJK Stuttgart-S�d"]

1. e4 d5 2. exd5 Qxd5 3. Nc3 Qa5 4. d4 c6 5. Nf3 Bf5 6. Ne5 e6 7. g4 Be4 8. f3
Bd5 9. Bd2 Qb6 10. Nxd5 cxd5 11. c3 Nc6 12. Nd3 Bd6 13. Qe2 Nge7 14. Bf4 Bxf4
15. Nxf4 O-O 16. O-O-O e5 17. dxe5 d4 18. c4 Qa5 19. Kb1 Rfd8 20. e6 f6 21. Qe4
a6 22. Bd3 g6 23. h4 Nb4 24. h5 Nxd3 25. Rxd3 Qc5 26. Rc1 Rab8 27. b4 Qe5 28.
g5 Qxe4 29. fxe4 f5 30. Nd5 Nxd5 31. exd5 b5 32. Rxd4 bxc4 33. Rcxc4 a5 34. a3
axb4 35. axb4 Rb7 1-0

[Event "Int. Stuttgarter Stadtmeisterschaft A"]
[Site "Ditzingen"]
[Date "2014.05.29"]
[Round "1.39"]
[White "Hoeschele, Hans-Ulrich"]
[Black "Grünert, Thomas"]
[Result "1-0"]
[WhiteElo "2095"]
[BlackElo "1868"]
[PlyCount "55"]
[EventDate "2014.??.??"]
[WhiteTeam "Stuttgarter SF 1879"]
[BlackTeam "SVG Vaihingen/Enz"]

1. Nf3 d5 2. d4 Nf6 3. g3 e6 4. Bg2 Bd6 5. c4 c6 6. Nbd2 Nbd7 7. O-O O-O 8. b3
Qe7 9. Bb2 Ne4 10. Qc2 f5 11. e3 Qf6 12. Rae1 a5 13. Nxe4 fxe4 14. Nd2 b5 15.
f3 exf3 16. Rxf3 Qh6 17. c5 Rxf3 18. Nxf3 Bf8 19. e4 Ba6 20. exd5 exd5 21. Qf5
Bc8 22. Bc1 Nf6 23. Qxc8 Rxc8 24. Bxh6 gxh6 25. Bh3 Rc7 26. Re6 Ne4 27. Bg2 Kf7
28. Rxc6 1-0

[Event "Int. Stuttgarter Stadtmeisterschaft A"]
[Site "Ditzingen"]
[Date "2014.05.29"]
[Round "1.40"]
[White "Altimira, Jordi"]
[Black "Jerie, Sven"]
[Result "0-1"]
[WhiteElo "1866"]
[BlackElo "2091"]
[PlyCount "36"]
[EventDate "2014.??.??"]
[WhiteTeam "SV Rottweil"]
[BlackTeam "SG Ludwigsburg 1919"]

1. d4 Nf6 2. c4 e6 3. g3 Bb4+ 4. Bd2 c5 5. Bxb4 cxb4 6. Nf3 O-O 7. Bg2 d6 8.
O-O Nc6 9. Nbd2 e5 10. dxe5 dxe5 11. a3 Qe7 12. e3 Bg4 13. Qc2 Rfd8 14. Ng5 Be2
15. Rfe1 Bd3 16. Qb3 Bg6 17. Nde4 Nxe4 18. Bxe4 Qxg5 0-1

[Event "Int. Stuttgarter Stadtmeisterschaft A"]
[Site "Ditzingen"]
[Date "2014.05.29"]
[Round "1.41"]
[White "Martin, Richard"]
[Black "Gabriel, Josef"]
[Result "0-1"]
[WhiteElo "1857"]
[BlackElo "2072"]
[PlyCount "68"]
[EventDate "2014.??.??"]
[WhiteTeam "SV Unterkochen"]
[BlackTeam "Stuttgarter SF 1879"]

1. e4 g6 2. d4 Bg7 3. c3 d6 4. Bd3 Nd7 5. Ne2 e5 6. Be3 Ngf6 7. f3 O-O 8. O-O
Kh8 9. d5 c5 10. c4 Ng8 11. Nbc3 f5 12. a3 f4 13. Bf2 g5 14. b4 b6 15. Nb5 Rf6
16. bxc5 bxc5 17. Rb1 a6 18. Nbc3 Rh6 19. Qa4 Ne7 20. g4 Nf6 21. Kg2 Nxg4 22.
fxg4 Bxg4 23. Ng1 Qc8 24. Qc2 Qe8 25. Be2 Bd7 26. Qd1 g4 27. Bxg4 Bxg4 28. Qxg4
Rg6 29. Qxg6 Qxg6+ 30. Kh1 Qh5 31. Rb6 Rg8 32. Rxd6 Bf8 33. Nce2 Nf5 34. Rxa6
Qg4 0-1

[Event "Int. Stuttgarter Stadtmeisterschaft A"]
[Site "Ditzingen"]
[Date "2014.05.29"]
[Round "1.42"]
[White "Koch, Martin"]
[Black "Viehoff, J�rgen"]
[Result "1-0"]
[WhiteElo "2066"]
[BlackElo "1848"]
[PlyCount "67"]
[EventDate "2014.??.??"]
[WhiteTeam "SC Schachmatt Botnang"]
[BlackTeam "SC Stetten a.d.F."]

1. e4 c6 2. d4 d5 3. exd5 cxd5 4. Nc3 Bf5 5. Nf3 Nc6 6. Bf4 Nf6 7. Bd3 Bxd3 8.
Qxd3 e6 9. O-O Be7 10. Rfe1 O-O 11. Ne5 Rc8 12. Nxc6 Rxc6 13. Ne2 Bd6 14. c3
Bxf4 15. Nxf4 Qd6 16. g3 a6 17. Re2 b5 18. a3 Rb8 19. Qe3 a5 20. Nd3 Nd7 21.
Rae1 h6 22. h4 Qc7 23. Kg2 Nb6 24. Qf3 Nc4 25. g4 Qd8 26. Qg3 Qd6 27. f4 Nxa3
28. Ne5 Rc7 29. bxa3 Qxa3 30. Re3 Rbc8 31. g5 Rxc3 32. gxh6 Rc2+ 33. Kh3 Qf8
34. Nd7 1-0

[Event "Int. Stuttgarter Stadtmeisterschaft A"]
[Site "Ditzingen"]
[Date "2014.05.29"]
[Round "1.43"]
[White "Koop, Thorben"]
[Black "Fahnenschmidt, Gerhard"]
[Result "1-0"]
[WhiteElo "2254"]
[BlackElo "1988"]
[PlyCount "89"]
[EventDate "2014.??.??"]
[WhiteTeam "SV Lingen"]
[BlackTeam "VfL Sindelfingen"]

1. Nf3 c5 2. g3 Nc6 3. d4 cxd4 4. Nxd4 e5 5. Nxc6 bxc6 6. Bg2 Nf6 7. O-O d5 8.
c4 Be6 9. Nc3 Qd7 10. Qa4 Rc8 11. cxd5 cxd5 12. Qxd7+ Kxd7 13. Rd1 Bb4 14. Nxd5
Nxd5 15. Bxd5 Bxd5 16. Rxd5+ Ke6 17. Rd1 Rc2 18. Kf1 h5 19. h4 Bc5 20. Rd2 Rc4
21. b3 Rg4 22. Rc2 Bb6 23. Kg2 f5 24. f3 Rg6 25. Bg5 Bd4 26. Rd1 Rf8 27. e3
Rxg5 28. exd4 Rg6 29. dxe5 f4 30. Rd6+ Kf5 31. Rxg6 Kxg6 32. gxf4 Rxf4 33. Rc6+
Kf5 34. e6 Kf6 35. Kg3 Rf5 36. Ra6 g5 37. hxg5+ Rxg5+ 38. Kh4 Rf5 39. f4 Rxf4+
40. Kxh5 Re4 41. Rxa7 Rxe6 42. Rb7 Ke5 43. a4 Kd5 44. Rb8 Kc6 45. Kg4 {Rest
unklar (68.)} 1-0

[Event "Int. Stuttgarter Stadtmeisterschaft A"]
[Site "Ditzingen"]
[Date "2014.05.29"]
[Round "1.44"]
[White "Wettengel, Alexander"]
[Black "Recker, Martin"]
[Result "1/2-1/2"]
[WhiteElo "2089"]
[BlackElo "1858"]
[PlyCount "48"]
[EventDate "2014.??.??"]
[WhiteTeam "Stuttgarter SF 1879"]
[BlackTeam "SF Freiberg"]

1. e4 d5 2. exd5 Nf6 3. c4 c6 4. d4 cxd5 5. Nc3 e6 6. Nf3 Be7 7. Bd3 Nc6 8. c5
O-O 9. O-O b6 10. Bb5 Bd7 11. Bxc6 Bxc6 12. Ne5 Rc8 13. Nxc6 Rxc6 14. Qa4 Qd7
15. b4 a6 16. Bg5 h6 17. Bh4 Ne4 18. Bxe7 Nxc3 19. Qc2 Qxe7 20. Qxc3 e5 21. Qb3
exd4 22. Qxd5 Qc7 23. Qxd4 bxc5 24. bxc5 Rxc5 1/2-1/2

[Event "Int. Stuttgarter Stadtmeisterschaft A"]
[Site "Ditzingen"]
[Date "2014.05.29"]
[Round "1.45"]
[White "Santos, Paulo"]
[Black "Müller, Philipp"]
[Result "1/2-1/2"]
[WhiteElo "1837"]
[BlackElo "2063"]
[PlyCount "73"]
[EventDate "2014.??.??"]
[WhiteTeam "SC Lechhausen"]
[BlackTeam "SC Neckarsulm e.V."]

1. e4 Nc6 2. Nc3 e6 3. d4 d5 4. e5 f6 5. exf6 Nxf6 6. Nf3 Bd6 7. Bd3 O-O 8. O-O
Qe8 9. Nb5 e5 10. dxe5 Nxe5 11. Nxd6 cxd6 12. Nd4 Bg4 13. f3 Bh5 14. Bg5 Ne4
15. Bh4 Nxd3 16. Qxd3 Nc5 17. Qd2 a6 18. Rfe1 Qf7 19. Be7 Qf4 20. Qxf4 Rxf4 21.
c3 Nd3 22. Re2 Re8 23. Bxd6 Rxe2 24. Nxe2 Rf6 25. Ba3 Re6 26. Kf1 Re3 27. Rd1
g5 28. Nd4 Bg6 29. Nc2 Re5 30. Nb4 Nxb4 31. Bxb4 Be8 32. Re1 Bb5+ 33. Kf2 Rxe1
34. Kxe1 Kf7 35. Kf2 Ke6 36. Ke3 Kf5 37. g3 1/2-1/2

[Event "Int. Stuttgarter Stadtmeisterschaft A"]
[Site "Ditzingen"]
[Date "2014.05.29"]
[Round "1.46"]
[White "Pfeifer, Wilfried"]
[Black "Wohlfahrt, Michael"]
[Result "1/2-1/2"]
[WhiteElo "2053"]
[BlackElo "1834"]
[PlyCount "59"]
[EventDate "2014.??.??"]
[WhiteTeam "TSF Ditzingen"]
[BlackTeam "TSF Welzheim"]

1. f4 d5 2. Nf3 Nf6 3. b4 Bf5 4. Bb2 e6 5. a3 Nbd7 6. e3 c5 7. b5 Be7 8. Be2
O-O 9. O-O c4 10. Nd4 Qb6 11. Nc3 h6 12. d3 Rac8 13. Kh1 Rfd8 14. Bf3 Bc5 15.
Na4 Qa5 16. Nxc5 Nxc5 17. Nxf5 exf5 18. Bd4 Qxb5 19. Rb1 Qa6 20. dxc4 dxc4 21.
Qe1 Nce4 22. Qb4 b6 23. Qb5 Qxb5 24. Rxb5 g6 25. Kg1 Kf8 26. Rd1 Rd7 27. a4
Rcd8 28. Ra1 Ne8 29. Rb4 Rc8 30. a5 1/2-1/2

[Event "Int. Stuttgarter Stadtmeisterschaft A"]
[Site "Ditzingen"]
[Date "2014.05.29"]
[Round "2.1"]
[White "Ivanisevic, Ivan"]
[Black "Gabriel, Robert"]
[Result "1-0"]
[WhiteElo "2610"]
[BlackElo "2178"]
[PlyCount "103"]
[EventDate "2014.??.??"]
[BlackTeam "Stuttgarter SF 1879"]

1. d4 d5 2. c4 e6 3. Nc3 Nf6 4. Bg5 Be7 5. e3 Nbd7 6. Rc1 O-O 7. Nf3 c6 8. Bd3
dxc4 9. Bxc4 Nd5 10. Bxe7 Qxe7 11. Ne4 N5f6 12. Nxf6+ Qxf6 13. O-O e5 14. Bb3
Rd8 15. Nxe5 Nxe5 16. dxe5 Rxd1 17. exf6 Rxf1+ 18. Kxf1 gxf6 19. Rd1 Bf5 20. f3
Re8 21. e4 Bc8 22. g4 Kf8 23. Kf2 Ke7 24. Rg1 Rd8 25. Ke3 h6 26. Rg3 Kf8 27.
Rh3 Kg7 28. Rh5 b6 29. e5 fxe5 30. Rxe5 Kf6 31. Re4 Rd7 32. h4 Ba6 33. Kf4 c5
34. g5+ hxg5+ 35. hxg5+ Kg6 36. Re8 Rd4+ 37. Ke5 Kxg5 38. Rg8+ Kh6 39. Bxf7 Bc4
40. Bxc4 Rxc4 41. Rg2 Rc1 42. f4 c4 43. f5 b5 44. f6 Re1+ 45. Kd6 Kh7 46. f7
Rf1 47. Ke7 Re1+ 48. Kf8 Rh1 49. Rf2 Re1 50. Rh2+ Kg6 51. Kg8 Rf1 52. Rg2+ 1-0

[Event "Int. Stuttgarter Stadtmeisterschaft A"]
[Site "Ditzingen"]
[Date "2014.05.29"]
[Round "2.2"]
[White "Wittmann, Ralf"]
[Black "Ikonnikov, Vyacheslav"]
[Result "0-1"]
[WhiteElo "2184"]
[BlackElo "2570"]
[PlyCount "54"]
[EventDate "2014.??.??"]
[WhiteTeam "Stuttgarter SF 1879"]
[BlackTeam "SF Bad Mergentheim"]

1. e4 c5 2. Nf3 Nc6 3. Bb5 g6 4. O-O Bg7 5. Re1 e5 6. c3 Nge7 7. d4 cxd4 8.
cxd4 exd4 9. Bf4 a6 10. Ba4 b5 11. Bb3 d6 12. Qd2 h6 13. a4 b4 14. Qd1 O-O 15.
Nbd2 Na5 16. Nc4 Nxb3 17. Qxb3 Be6 18. Qd3 d5 19. exd5 Bxd5 20. Be5 Bxf3 21.
Qxf3 Nf5 22. a5 Bxe5 23. Nxe5 h5 24. Qb3 Qd6 25. Nc4 Qc5 26. Rac1 Rac8 27. Nb6
Qxc1 0-1

[Event "Int. Stuttgarter Stadtmeisterschaft A"]
[Site "Ditzingen"]
[Date "2014.05.29"]
[Round "2.3"]
[White "Gutman, Lev"]
[Black "Br�uner, Uwe"]
[Result "1-0"]
[WhiteElo "2453"]
[BlackElo "2153"]
[PlyCount "39"]
[EventDate "2014.??.??"]
[WhiteTeam "SV Lingen"]
[BlackTeam "SF Pfullingen"]

1. Nf3 Nf6 2. g3 d5 3. Bg2 c6 4. O-O Bg4 5. d4 e6 6. c4 Nbd7 7. Ne5 Nxe5 8.
dxe5 Nd7 9. h3 Bf5 10. cxd5 cxd5 11. Nc3 Be7 12. e4 dxe4 13. Qa4 b5 14. Nxb5
O-O 15. Be3 Nb6 16. Qb3 a6 17. Nd4 Nd7 18. Nc6 Qe8 19. Rac1 h5 20. Qb7 1-0

[Event "Int. Stuttgarter Stadtmeisterschaft A"]
[Site "Ditzingen"]
[Date "2014.05.29"]
[Round "2.4"]
[White "Vaysberg, Alexander"]
[Black "Karpatchev, Aleksandr"]
[Result "0-1"]
[WhiteElo "2178"]
[BlackElo "2445"]
[PlyCount "90"]
[EventDate "2014.??.??"]
[WhiteTeam "SG Ludwigsburg 1919"]
[BlackTeam "SF Bad Mergentheim"]

1. e4 e5 2. Nc3 Nc6 3. Nf3 Nf6 4. d4 exd4 5. Nxd4 Bc5 6. Be3 Bb6 7. Nxc6 bxc6
8. Bxb6 axb6 9. Bd3 O-O 10. O-O d6 11. f4 Ng4 12. Qf3 Qh4 13. h3 Nf6 14. e5
dxe5 15. Qxc6 Bd7 16. Qf3 Rae8 17. fxe5 Rxe5 18. Qf4 Qh5 19. Rae1 Rg5 20. Rf3
Bc6 21. Rg3 Rxg3 22. Qxg3 Qc5+ 23. Kh2 Re8 24. Rxe8+ Nxe8 25. Qh4 Nf6 26. Qf4
Qe7 27. Be2 g6 28. Bf3 Bxf3 29. Qxf3 Nh5 30. Qe4 Qd6+ 31. Kg1 Ng3 32. Qe3 h5
33. Kf2 Nf5 34. Qd3 Qc5+ 35. Kf1 Ne3+ 36. Ke2 Nxg2 37. Qg3 Qc4+ 38. Kf3 Nh4+
39. Kf2 Nf5 40. Qe5 Qh4+ 41. Kg2 Qg5+ 42. Kf2 Qd2+ 43. Qe2 Qd4+ 44. Kg2 Qf4 45.
Ne4 Ne3+ 0-1

[Event "Int. Stuttgarter Stadtmeisterschaft A"]
[Site "Ditzingen"]
[Date "2014.05.29"]
[Round "2.5"]
[White "Dobosz, Henryk"]
[Black "Reck, Moritz"]
[Result "1-0"]
[WhiteElo "2401"]
[BlackElo "2145"]
[PlyCount "61"]
[EventDate "2014.??.??"]
[WhiteTeam "BG Buchen"]
[BlackTeam "SV Leonberg 1978 eV"]

1. c4 g6 2. d4 Bg7 3. e4 c5 4. d5 d6 5. Nc3 Na6 6. Nf3 Nc7 7. Bf4 Nf6 8. h3 O-O
9. a4 Nd7 10. Bd3 Ne5 11. Nxe5 Bxe5 12. Bxe5 dxe5 13. Qd2 Bd7 14. f4 exf4 15.
Qxf4 Ne8 16. e5 Qb6 17. Rb1 Qb3 18. O-O Ng7 19. Rf2 Bf5 20. Rd1 Bxd3 21. Rxd3
Nf5 22. d6 e6 23. Rdd2 f6 24. exf6 e5 25. Qxe5 Qxc4 26. Nd5 Qxa4 27. Ne7+ Kf7
28. Nxf5 gxf5 29. Qe7+ Kg6 30. Qg7+ Kh5 31. Rxf5+ 1-0